|
|
|
|
| LEADER |
01713cas a2200265 a 4500 |
| 001 |
AALejournalIMF008265 |
| 008 |
230101c9999 xx r poo 0 0eng d |
| 020 |
|
|
|c 5.00 USD
|
| 020 |
|
|
|z 9781451950687
|
| 022 |
|
|
|a 1018-5941
|
| 040 |
|
|
|a BD-DhAAL
|c BD-DhAAL
|
| 100 |
1 |
|
|a Xafa, Miranda.
|
| 245 |
1 |
4 |
|a The European Community's Trade and Trade-Related Industrial Policies /
|c Miranda Xafa, Joslin Landell-Mills, Roger Kronenberg.
|
| 264 |
|
1 |
|a Washington, D.C. :
|b International Monetary Fund,
|c 1992.
|
| 300 |
|
|
|a 1 online resource (80 pages)
|
| 490 |
1 |
|
|a IMF Working Papers
|
| 500 |
|
|
|a <strong>Off-Campus Access:</strong> No User ID or Password Required
|
| 500 |
|
|
|a <strong>On-Campus Access:</strong> No User ID or Password Required
|
| 506 |
|
|
|a Electronic access restricted to authorized BRAC University faculty, staff and students
|
| 520 |
3 |
|
|a This paper examines the objectives and instruments of trade policy in the European Community (EC) from 1987 until mid-1992. It reviews the Community's institutional setting and policy environment as background to recent trends in EC trade policies and trading arrangements. A discussion of key issues and developments in the internal market program and its interactions with the Uruguay Round of multilateral trade negotiations is followed by a review of the main issues underlying trade disputes with third countries and trade-related industrial policies.
|
| 538 |
|
|
|a Mode of access: Internet
|
| 700 |
1 |
|
|a Kronenberg, Roger.
|
| 700 |
1 |
|
|a Landell-Mills, Joslin.
|
| 830 |
|
0 |
|a IMF Working Papers; Working Paper ;
|v No. 1992/094
|
| 856 |
4 |
0 |
|z Full text available on IMF
|u http://elibrary.imf.org/view/journals/001/1992/094/001.1992.issue-094-en.xml
|z IMF e-Library
|